| 000 | 00939nam a2200253 u 4500 | ||
|---|---|---|---|
| 005 | 20230209063808.0 | ||
| 008 | 101201s2008 r 000 0 eng d | ||
| 020 | _a9789706868367 (13 dígitos) | ||
| 020 | _a9706868364 (10 dígitos) | ||
| 035 | _aUPN01000178862 | ||
| 049 | _aCG | ||
| 050 | 4 |
_aTS156 _bE8.28 2008 |
|
| 100 | 1 | _aEvans, James R. | |
| 245 | 1 | 0 |
_aAdministración y control de la calidad / _cJames R. Evans, William M. Lindsay ; tr. Francisco Sánchez Fragoso. |
| 250 | _a7a ed. | ||
| 260 |
_aMéxico : _bCengage learning, _cc2008. |
||
| 300 |
_axxii, 783, [46] p. : _bil., tablas, gráfs. + _eCD-ROM ; 4 3/4 plg. |
||
| 500 | _aEl CD-ROM solicítalo en el mostrador de préstamos | ||
| 534 |
_pTraducción de: _tManaging for quality and performance excellence |
||
| 650 | 4 |
_aControl de calidad _910920 |
|
| 650 | 2 |
_aAdministración de calidad total _9437 |
|
| 700 | 1 |
_aLindsay, William M., _ecoaut. |
|
| 905 | _aLibro | ||
| 999 |
_c150965 _d150965 |
||